Reaction kinetics for chemical engineers (Record no. 12493)

000 -LEADER
fixed length control field 00585nam a22002051 4500
001 - CONTROL NUMBER
control field 12493
003 - CONTROL NUMBER IDENTIFIER
control field BD-DhUET
008 - FIXED-LENGTH DATA ELEMENTS--GENERAL INFORMATION
fixed length control field 720413s1959 nyua b 000 0 eng
040 ## - CATALOGING SOURCE
Original cataloging agency DLC
Transcribing agency DLC
Modifying agency BD-DhUET
082 ## - DEWEY DECIMAL CLASSIFICATION NUMBER
Classification number 660.2994
Item number WAL/1959
100 1# - MAIN ENTRY--PERSONAL NAME
Personal name Walas, Stanley M.
245 10 - TITLE STATEMENT
Title Reaction kinetics for chemical engineers
250 ## - EDITION STATEMENT
Edition statement 1st ed.
260 ## - PUBLICATION, DISTRIBUTION, ETC. (IMPRINT)
Place of publication, distribution, etc. New York
Name of publisher, distributor, etc. McGraw-Hill
Date of publication, distribution, etc. 1959
300 ## - PHYSICAL DESCRIPTION
Extent 338 p.
Other physical details ill.
490 ## - SERIES STATEMENT
Series statement McGraw - Hill chemical engineering series
504 ## - BIBLIOGRAPHY, ETC. NOTE
Bibliography, etc Includes bibliographies
650 #0 - SUBJECT ADDED ENTRY--TOPICAL TERM
Topical term or geographic name as entry element Kinetics : Reactions : Chemical Engineering
942 ## - ADDED ENTRY ELEMENTS (KOHA)
Koha item type General Book
Holdings
Piece designation (barcode) Koha item type Location (home branch) Price effective from Not for loan Source of classification or shelving scheme Date acquired Koha date last seen Copy number Sublocation or collection (holding branch) Koha full call number Shelving location Lost status Damaged status Koha normalized classification for sorting Withdrawn status
26073General BookCentral Library, BUET2015-02-26  2015-02-262015-02-261Central Library, BUET660.2994/WAL/1959Circulation section  660_299400000000000_WAL_1959 
29882General BookCentral Library, BUET2015-03-01  2015-03-012015-03-012Central Library, BUET660.2994/WAL/1959Circulation section  660_299400000000000_WAL_1959 
29878General BookCentral Library, BUET2015-03-31  2015-03-312015-03-313Central Library, BUET660.2994/WAL/1959Circulation section  660_299400000000000_WAL_1959 
29875General BookCentral Library, BUET2015-03-31  2015-03-312015-03-314Central Library, BUET660.2994/WAL/1959Circulation section  660_299400000000000_WAL_1959 
25893General BookCentral Library, BUET2015-03-31  2015-03-312015-03-315Central Library, BUET660.2994/WAL/1959Circulation section  660_299400000000000_WAL_1959 
2114General BookCentral Library, BUET2015-04-04  2015-04-042015-04-046Central Library, BUET660.2994/WAL/1959Circulation section  660_299400000000000_WAL_1959 
29874General BookCentral Library, BUET2015-04-07  2015-04-072015-04-077Central Library, BUET660.2994/WAL/1959Circulation section  660_299400000000000_WAL_1959 
29881Reading ItemCentral Library, BUET2015-06-18  2015-06-182015-06-188Central Library, BUET660.2994/WAL/1959Reading section  660_299400000000000_WAL_1959 
29879Reading ItemCentral Library, BUET2015-06-18  2015-06-182015-06-189Central Library, BUET660.2994/WAL/1959Reading section  660_299400000000000_WAL_1959 
7899Reading ItemCentral Library, BUET2015-06-18  2015-06-182015-06-1810Central Library, BUET660.2994/WAL/1959Reading section  660_299400000000000_WAL_1959 
7900Reading ItemCentral Library, BUET2015-06-18  2015-06-182015-06-1811Central Library, BUET660.2994/WAL/1959Reading section  660_299400000000000_WAL_1959 
29880Reading ItemCentral Library, BUET2015-06-28  2015-06-282015-06-2812Central Library, BUET660.2994/WAL/1959Reading section  660_299400000000000_WAL_1959 
29876Reading ItemCentral Library, BUET2015-06-28  2015-06-282015-06-2813Central Library, BUET660.2994/WAL/1959Reading section  660_299400000000000_WAL_1959